| 000 | 00900nam a22003017a 4500 | ||
|---|---|---|---|
| 001 | BR2023001945 | ||
| 003 | BR-BrBNA | ||
| 005 | 20231022132120.0 | ||
| 008 | 231022b bl.||||| |||| 00| 0 por d | ||
| 040 |
_aBR-BrBNA _bpor |
||
| 041 | _apor | ||
| 072 |
_aL60 ; Q03 ; Q04 _b4110 |
||
| 090 | _a4110 BR2023001945 | ||
| 100 | _aSilva, Neusely da | ||
| 110 | _aInstituto de Tecnologia de Alimentos, Campinas, SP (Brasil). Lab. de Microbiologia de Alimentos | ||
| 245 |
_aTestes bioquímicos para identificação de bactérias em alimentos _bInformes Técnicos n. 1 |
||
| 260 |
_aCampinas, SP (Brasil) _c1996 |
||
| 300 | _a91 p. | ||
| 500 | _a5 ref. | ||
| 650 | _aBACTÉRIA | ||
| 650 | _aTAXONOMIA ANIMAL | ||
| 650 | _aIDENTIFICAÇÃO | ||
| 650 | _aANÁLISE DE ALIMENTO | ||
| 650 | _aANÁLISE BIOLÓGICA | ||
| 650 | _aANÁLISE QUÍMICA | ||
| 909 |
_a202310 _bFernando |
||
| 942 | _cBK | ||
| 999 |
_c86537 _d86537 |
||